Statistics for Napoli Opponents In UEFA Champions League

Click here to take the quiz!

General Stats

  • This quiz has been taken 262 times
    (59 since last reset)
  • The average score is 22 of 27

Answer Stats

TeamCountryMatchsWinDrawLooseLast% Correct
Real MadridSpain60152024
100%
AFC AjaxNetherlands20002023
98%
AC MilanItaly20112023
96%
Liverpool FCEngland63122023
96%
Manchester CityEngland41122018
94%
Rangers FCScotland20002023
94%
FC BarcelonaSpain40222024
93%
Paris Saint-GermainFrance20202019
91%
SC BragaPortugal22002024
91%
SL BenficaPortugal22002017
89%
Bayern MunichGermany20112012
87%
Chelsea FCEngland21012012
87%
Arsenal FCEngland21012014
85%
Borussia DortmundGermany21012014
85%
MarseilleFrance22002014
83%
Red Bull SalzburgAustria21102020
80%
Red StarSerbia21102019
80%
BesiktasTurkey20112017
78%
Eintracht FrankfurtGermany22002023
78%
FeyenoordNetherlands21012018
78%
Union BerlinGermany21102024
78%
Shakhtar DonetskUkraine21012018
76%
GenkBelgium21102020
70%
VillarrealSpain22002012
69%
Dynamo KievUkraine21102017
67%
Spartak MoscowRussia20201991
52%
Ujpest FCHungary22001991
17%

Score Distribution

Percentile by Number Answered

Percent of People with Each Score

Your Score History

You have not taken this quiz since the last reset